000 004000000a22001690004500
003 MACL
005 20150707165458.0
008 150707b xxu||||| |||| 00| 0 eng d
040 _aMACL
_cMACL
041 _aEnglish
100 _aJacobson, Doranne
_91336
245 _aWomen In India
260 _bManohar Publisher
_c1992
_aDelhi
350 _a180
650 _aSociology
_919
942 _cBK
_k307
_2ddc
999 _c4639
_d4639